15 randoms capital in the world - Statistiques

Statistiques générales
  • Ce quiz a été pris 14 fois
  • Le résultat moyen est 2 sur 15
Réponses sur la Carte
Les réponses sont colorées sur une échelle allant du rouge au vert en fonction du pourcentage des utilisateurs qui les ont devinées à leur premier essai. Vous pouvez retrouver ces pourcentages ci-dessous.
 
Statistiques - réponses
Réponse % Correct
paris
92%
londres
46%
madrid
46%
kiev
8%
ottawa
8%
vienne
8%
funafuti
0%
hanoi
0%
ouagadougou
0%
oulan bator
0%
quito
0%
san salvador
0%
sao tome
0%
skopje
0%
vientianne
0%
Aucun quiz correspondant
Distribution des résultats
% des personnes avec chaque résultat
Percentile par nombre de réponses
Votre historique - résultats
Vous n’avez pas pris ce quiz